[Event "IODFEM BO Bayerndreier 2018"]
[Site "Bodenmais"]
[Date "2018.08.01"]
[Round "5.1"]
[White "Stowicek, Yara Mathilda"]
[Black "Just, Anita"]
[Result "1-0"]
[WhiteElo "1570"]
[BlackElo "1897"]
[PlyCount "155"]
[EventDate "2018.??.??"]
[WhiteTeam "USV Halle"]
[BlackTeam "SV Allianz Leipzig"]

1. e4 e6 2. d4 d5 3. Nd2 c5 4. exd5 Qxd5 5. Ngf3 cxd4 6. Bc4 Qd6 7. O-O Nc6 8.
Nb3 a6 9. Nbxd4 Nxd4 10. Nxd4 Qc7 11. Bb3 Bd6 12. h3 Bd7 13. Re1 O-O-O 14. Be3
Nf6 15. c3 e5 16. Nf3 Bc6 17. Qe2 Nd5 18. Bxd5 Bxd5 19. a4 Kb8 20. Rec1 Qc6 21.
b4 Bxf3 22. gxf3 Rc8 23. b5 Qc4 24. Qxc4 Rxc4 25. bxa6 bxa6 26. Rcb1+ Kc7 27.
Rb6 Rc6 28. Rab1 Rxb6 29. Rxb6 Ra8 30. Kf1 f5 31. a5 f4 32. Bd2 Ra7 33. Ke2 Kd7
34. Rb1 Bc5 35. Be1 Ke6 36. Kd3 Rd7+ 37. Ke2 Ba7 38. c4 Rc7 39. Rc1 Kf5 40. Kf1
Rc6 41. Bb4 Bc5 42. Bxc5 Rxc5 43. Kg2 g5 44. Kf1 e4 45. Ke2 Ke5 46. Rc2 exf3+
47. Kd3 h5 48. Rc1 g4 49. hxg4 hxg4 50. Re1+ Kd6 51. Rg1 Rxa5 52. Rxg4 Ra2 53.
Rxf4 a5 54. Rf5 Kc6 55. Rf6+ Kc5 56. Rf5+ Kb4 57. Rb5+ Ka4 58. Ke3 Ra3+ 59. Ke4
Rc3 60. Rc5 Rb3 61. Kf4 Ra3 62. Rb5 Rc3 63. Rc5 Rb3 64. Ke4 Kb4 65. Rb5+ Kxc4
66. Rxa5 Kc3 67. Rf5 Kc4 68. Rxf3 Rxf3 69. Kxf3 Kd5 70. Kg4 Ke6 71. Kg5 Kf7 72.
Kf5 Ke7 73. Kg6 Kf8 74. f4 Ke7 75. f5 Kf8 76. Kf6 Ke8 77. Kg7 Ke7 78. f6+ 1-0

[Event "IODFEM BO Bayerndreier 2018"]
[Site "Bodenmais"]
[Date "2018.08.01"]
[Round "5.2"]
[White "Rempe, Janne"]
[Black "Lorencova, Vera"]
[Result "1/2-1/2"]
[WhiteElo "1315"]
[BlackElo "1862"]
[PlyCount "153"]
[EventDate "2018.??.??"]
[WhiteTeam "SK Doppelbauer Kiel"]
[BlackTeam "Czechien"]

1. d4 Nf6 2. Nf3 g6 3. Bf4 Bg7 4. e3 d6 5. h3 O-O 6. Be2 Nbd7 7. c3 c5 8. Nbd2
a6 9. O-O b5 10. a4 b4 11. dxc5 bxc3 12. c6 cxd2 13. cxd7 Bxd7 14. Qxd2 Qb6 15.
a5 Qb7 16. Rab1 Rab8 17. Bc4 Rfc8 18. b3 Bf5 19. Rbc1 Ne4 20. Qa2 Nc3 21. Qd2
Ne4 22. Qa2 Nc3 23. Qd2 Nb5 24. Ng5 Rf8 25. Bd5 Qa7 26. e4 Bd7 27. Nf3 Rbc8 28.
e5 e6 29. Bc4 d5 30. Bd3 Qb8 31. Bh6 Rxc1 32. Rxc1 Rc8 33. Bxg7 Rxc1+ 34. Qxc1
Kxg7 35. Qf4 Qd8 36. Ng5 Qe7 37. h4 h6 38. Nf3 Nc7 39. Nh2 Ne8 40. Ng4 Qxh4 41.
Bxa6 h5 42. Qh6+ Kg8 43. Be2 Qd8 44. Nh2 Qxa5 45. Nf3 Ng7 46. Ng5 Qa1+ 47. Bf1
Qxe5 48. Qh7+ Kf8 49. Qh8+ Ke7 50. Nh7 Be8 51. Qf8+ Kd8 52. b4 Nf5 53. Bb5 Nd6
54. Nf6 Nxb5 55. Qxe8+ Kc7 56. Qxf7+ Kc6 57. Qd7+ Kb6 58. Qe7 Qe1+ 59. Kh2 Qe5+
60. g3 Qd6 61. Qe8 Nc7 62. Nd7+ Kb7 63. Qb8+ Kc6 64. Nc5 Qe7 65. Qb7+ Kd6 66.
f4 Qe8 67. Qb6+ Qc6 68. Qb8 Qe8 69. Qb6+ Qc6 70. Qb8 Qe8 71. Nb7+ Kd7 72. Qa7
Qa8 73. Nc5+ Kd6 74. Qb6+ Qc6 75. Nb7+ Kd7 76. Nc5+ Kd6 77. Nb7+ 1/2-1/2

[Event "IODFEM BO Bayerndreier 2018"]
[Site "Bodenmais"]
[Date "2018.08.01"]
[Round "5.3"]
[White "Rempe, Mieke"]
[Black "Von Herman, Brigitte"]
[Result "1/2-1/2"]
[WhiteElo "1504"]
[BlackElo "2068"]
[PlyCount "51"]
[EventDate "2018.??.??"]
[WhiteTeam "SK Doppelbauer Kiel"]
[BlackTeam "Königsjäger Süd-West"]

1. e4 e5 2. Nf3 Nc6 3. Bb5 a6 4. Ba4 Nf6 5. O-O Be7 6. Re1 b5 7. Bb3 d6 8. c3
O-O 9. d4 Nd7 10. Nbd2 Na5 11. Bc2 c5 12. d5 Nb6 13. Nf1 f5 14. exf5 Bxf5 15.
Ng3 Bxc2 16. Qxc2 Nxd5 17. Rd1 Nf6 18. Nxe5 Qc7 19. Nf3 Rad8 20. Qe2 Rfe8 21.
Qe6+ Kh8 22. Ng5 Bf8 23. Nf7+ Kg8 24. Nh6+ Kh8 25. Nf7+ Kg8 26. Nh6+ 1/2-1/2

[Event "IODFEM BO Bayerndreier 2018"]
[Site "Bodenmais"]
[Date "2018.08.01"]
[Round "5.5"]
[White "Kuehne, Maria"]
[Black "Weinmann, Helene"]
[Result "1/2-1/2"]
[WhiteElo "1614"]
[BlackElo "1544"]
[PlyCount "75"]
[EventDate "2018.??.??"]
[WhiteTeam "FC Ergolding"]
[BlackTeam "SV Riegelsberg"]

1. e4 e5 2. Bc4 Nf6 3. d3 Be7 4. Nc3 O-O 5. f4 exf4 6. Bxf4 d6 7. h3 Nc6 8. Nf3
Be6 9. Bb3 Na5 10. O-O Nxb3 11. axb3 a6 12. Qe1 c6 13. Kh1 Nd7 14. g4 Re8 15.
Qg3 Nf8 16. Nd4 Ng6 17. Nf5 Nxf4 18. Qxf4 Bf8 19. Ne2 c5 20. Rg1 Qf6 21. Ne3
Qxf4 22. Nxf4 Bd7 23. Ned5 Red8 24. Nb6 Rab8 25. Nxd7 Rxd7 26. Nd5 Re8 27. Kg2
Re6 28. Rgf1 Be7 29. Kg3 Bd8 30. Rf5 Rh6 31. Rh1 Bh4+ 32. Kg2 Rg6 33. Rhf1 Bd8
34. c3 Re6 35. b4 c4 36. dxc4 Rxe4 37. R5f4 Re2+ 38. R1f2 1/2-1/2

[Event "IODFEM BO Bayerndreier 2018"]
[Site "Bodenmais"]
[Date "2018.08.01"]
[Round "5.6"]
[White "Mohammadi, Sholeh"]
[Black "Wolff, Beate"]
[Result "1-0"]
[WhiteElo "1158"]
[BlackElo "1266"]
[PlyCount "65"]
[EventDate "2018.??.??"]
[WhiteTeam "SK Marburg"]
[BlackTeam "VSG Offenbach"]

1. c4 c6 2. d4 d5 3. e3 Nf6 4. Bd3 e6 5. Ne2 Nbd7 6. Nd2 Be7 7. O-O O-O 8. Ng3
a6 9. f4 b5 10. e4 bxc4 11. Bc2 Qb6 12. Nf3 c5 13. e5 Ng4 14. h3 cxd4 15. Nxd4
Bc5 16. Nge2 Nh6 17. Rf3 Nf5 18. Bxf5 exf5 19. a3 a5 20. Kh2 Bb7 21. Nxf5 f6
22. Rg3 Kf7 23. Rxg7+ Ke6 24. Ned4+ Bxd4 25. Nxd4+ Qxd4 26. Qxd4 Rac8 27. f5+
Kxf5 28. Rxd7 Bc6 29. Rxh7 fxe5 30. Rh5+ Kf6 31. Qxe5+ Kf7 32. Rh7+ Kg6 33.
Rg7# 1-0

[Event "IODFEM BO Bayerndreier 2018"]
[Site "Bodenmais"]
[Date "2018.08.02"]
[Round "6.1"]
[White "Von Herman, Brigitte"]
[Black "Stowicek, Yara Mathilda"]
[Result "1/2-1/2"]
[WhiteElo "2068"]
[BlackElo "1570"]
[PlyCount "58"]
[EventDate "2018.??.??"]
[WhiteTeam "Königsjäger Süd-West"]
[BlackTeam "USV Halle"]

1. e4 e5 2. Nf3 Nc6 3. Bc4 Bc5 4. c3 Nf6 5. d3 a6 6. O-O O-O 7. Re1 Ba7 8. Bb3
d6 9. h3 Ne7 10. Nh4 Kh8 11. Qf3 Ng6 12. Nf5 Be6 13. Bg5 Qd7 14. Nxg7 Ng8 15.
Nf5 Bxf5 16. exf5 f6 17. Be3 Nh4 18. Qxb7 Bxe3 19. Be6 Bxf2+ 20. Kxf2 Qg7 21.
Qe4 Rab8 22. b3 Qg5 23. g3 Nxf5 24. Qxf5 Ne7 25. Qxg5 fxg5+ 26. Kg2 Rf6 27. Bg4
Rbf8 28. Re2 Rf1 29. a3 Nd5 1/2-1/2

[Event "IODFEM BO Bayerndreier 2018"]
[Site "Bodenmais"]
[Date "2018.08.02"]
[Round "6.2"]
[White "Lorencova, Vera"]
[Black "Zwetz, Anita"]
[Result "1-0"]
[WhiteElo "1862"]
[BlackElo "1828"]
[PlyCount "73"]
[EventDate "2018.??.??"]
[WhiteTeam "Czechien"]
[BlackTeam "TSV Kareth-Lappersdorf"]

1. e4 e6 2. d3 d5 3. Nd2 b6 4. f4 Bb7 5. g3 dxe4 6. dxe4 Bc5 7. Qe2 Nf6 8. Bg2
Ba6 9. c4 c6 10. e5 Nd5 11. Ne4 Bb4+ 12. Bd2 Qe7 13. a3 Bc5 14. b4 Bxg1 15.
Nd6+ Kf8 16. Rxg1 Nd7 17. b5 Bc8 18. cxd5 cxd5 19. Rc1 Nc5 20. Bb4 Qc7 21. Kf2
Bd7 22. Qe3 Kg8 23. Bxc5 bxc5 24. Rxc5 Qa5 25. Rgc1 g6 26. Rc7 Be8 27. Rc8 Rxc8
28. Rxc8 Kg7 29. Nxe8+ Rxe8 30. Rxe8 Qxb5 31. Rc8 Qb2+ 32. Kg1 d4 33. Qc1 Qb6
34. Qc5 Qb1+ 35. Bf1 g5 36. Qf8+ Kg6 37. Qg8+ 1-0

[Event "IODFEM BO Bayerndreier 2018"]
[Site "Bodenmais"]
[Date "2018.08.02"]
[Round "6.3"]
[White "Just, Anita"]
[Black "Rempe, Janne"]
[Result "1-0"]
[WhiteElo "1897"]
[BlackElo "1315"]
[PlyCount "123"]
[EventDate "2018.??.??"]
[WhiteTeam "SV Allianz Leipzig"]
[BlackTeam "SK Doppelbauer Kiel"]

1. e4 d6 2. d4 Nf6 3. Nc3 Nbd7 4. Nf3 e5 5. Be2 Be7 6. O-O c6 7. h3 O-O 8. Be3
Qc7 9. d5 Re8 10. Kh1 Nf8 11. Ng1 Ng6 12. g3 Bd7 13. Bf3 Qc8 14. Bg2 h5 15. f4
exf4 16. Bxf4 h4 17. Qf3 Nxf4 18. Qxf4 Rf8 19. gxh4 Nh5 20. Qf2 Qd8 21. Nf3 Nf4
22. Qg3 Nh5 23. Qf2 Nf4 24. Rg1 Bxh3 25. Ne1 Bxg2+ 26. Nxg2 Nh3 27. Qg3 Nxg1
28. Rxg1 Kh7 29. Nf4 Bf6 30. Qg4 Rh8 31. Nce2 Kg8 32. h5 Qe7 33. Ng3 Be5 34.
Nf5 Qf8 35. Nd3 Bf6 36. Rg3 cxd5 37. exd5 Rc8 38. c3 Rd8 39. Kg2 Rh7 40. h6 g6
41. Nf4 Kh8 42. Nh4 Bxh4 43. Qxh4 Re8 44. Rxg6 Qe7 45. Qxe7 Rxe7 46. Rxd6 Re8
47. Kf3 Kg8 48. Nh5 Kf8 49. Nf6 Ke7 50. Nxe8 Kxe8 51. Kf4 Ke7 52. Ke5 Rh8 53.
Rf6 Rg8 54. h7 Rh8 55. Rh6 f6+ 56. Kf5 Kf7 57. c4 b6 58. Rxf6+ Kg7 59. Rc6 Rf8+
60. Ke6 Kxh7 61. Rc7+ Kg8 62. Rxa7 1-0

[Event "IODFEM BO Bayerndreier 2018"]
[Site "Bodenmais"]
[Date "2018.08.02"]
[Round "6.4"]
[White "Weinmann, Helene"]
[Black "Rempe, Mieke"]
[Result "1/2-1/2"]
[WhiteElo "1544"]
[BlackElo "1504"]
[PlyCount "67"]
[EventDate "2018.??.??"]
[WhiteTeam "SV Riegelsberg"]
[BlackTeam "SK Doppelbauer Kiel"]

1. d4 Nf6 2. Nf3 e6 3. e3 d5 4. Bd3 Nbd7 5. c3 c5 6. O-O c4 7. Bc2 Bd6 8. Nbd2
O-O 9. e4 dxe4 10. Nxe4 Nxe4 11. Bxe4 Nf6 12. Bd2 h6 13. Be3 b6 14. Qc2 Qc7 15.
h3 Bb7 16. Rfe1 a5 17. Bd2 a4 18. a3 b5 19. Ne5 Bxe5 20. dxe5 Nd7 21. Bf4 f5
22. Rad1 Nb6 23. Bf3 Nd5 24. Bc1 Qf7 25. Rd4 h5 26. Bd1 g6 27. Bh6 Rfd8 28. Qd2
Kh7 29. Bg5 Rf8 30. Bf3 Ra7 31. Rd1 Ba8 32. h4 Qg7 33. Bxd5 Bxd5 34. Qf4
1/2-1/2

[Event "IODFEM BO Bayerndreier 2018"]
[Site "Bodenmais"]
[Date "2018.08.02"]
[Round "6.5"]
[White "Wolff, Beate"]
[Black "Kuehne, Maria"]
[Result "0-1"]
[WhiteElo "1266"]
[BlackElo "1614"]
[PlyCount "128"]
[EventDate "2018.??.??"]
[WhiteTeam "VSG Offenbach"]
[BlackTeam "FC Ergolding"]

1. c4 e5 2. g3 Nf6 3. Bg2 Nc6 4. Nc3 Bc5 5. e3 d6 6. Nge2 a6 7. O-O O-O 8. h3
Rb8 9. d4 Ba7 10. b3 Bd7 11. Bb2 Qc8 12. Kh2 h6 13. Nd5 Nh7 14. dxe5 dxe5 15.
Bxe5 Re8 16. Bxc7 Ra8 17. Bb6 Bb8 18. Qd2 Ng5 19. Ng1 Ne4 20. Qd3 Bf5 21. Qe2
Qe6 22. Rad1 Qg6 23. Nf4 Bxf4 24. exf4 Nc3 25. Qd2 Nxd1 26. Qxd1 Be4 27. Qd7
Re7 28. Qg4 Qxg4 29. hxg4 Bxg2 30. Kxg2 Rae8 31. Nf3 Re2 32. a4 Rb2 33. Rd1
Rxb3 34. Bc5 Rd8 35. Re1 f6 36. Nh4 Kf7 37. Nf5 Rd7 38. Nd6+ Kg8 39. Re8+ Kh7
40. Nf5 Rbd3 41. g5 hxg5 42. fxg5 Kg6 43. Nh4+ Kxg5 44. Be3+ Rxe3 45. f4+ Kg4
46. Rxe3 Rd2+ 47. Kf1 Na5 48. c5 Rb2 49. Re2 Rxe2 50. Kxe2 Kxg3 51. Ng6 Nb3 52.
Ke3 Nxc5 53. Kd4 Nxa4 54. f5 Kg4 55. Ne7 Kf4 56. Kd5 Nc3+ 57. Ke6 b5 58. Ng6+
Kg5 59. Ne7 b4 60. Kf7 b3 61. Kxg7 b2 62. Kf7 b1=Q 63. Ke6 Qe4+ 64. Kf7 Nd5 0-1

[Event "IODFEM BO Bayerndreier 2018"]
[Site "Bodenmais"]
[Date "2018.08.02"]
[Round "6.6"]
[White "Cheredzhiyska, Iva"]
[Black "Mohammadi, Sholeh"]
[Result "1-0"]
[WhiteElo "1426"]
[BlackElo "1158"]
[PlyCount "77"]
[EventDate "2018.??.??"]
[WhiteTeam "TV Tegernsee"]
[BlackTeam "SK Marburg"]

1. e4 e5 2. Nf3 d5 3. exd5 Qxd5 4. Nc3 Qe6 5. d3 h6 6. Be3 c5 7. Qd2 Nc6 8.
O-O-O Nf6 9. Re1 Bd6 10. d4 cxd4 11. Nxd4 Nxd4 12. Bxd4 O-O 13. f4 Qg4 14. fxe5
Re8 15. Be2 Ne4 16. Nxe4 Qxe4 17. Bf3 Qh4 18. exd6 Rxe1+ 19. Rxe1 Qxh2 20. Re8+
Kh7 21. Qd3+ f5 22. d7 Qf4+ 23. Be3 Bxd7 24. Bxf4 Bxe8 25. Qxf5+ Bg6 26. Qd7
Re8 27. Kd2 Rf8 28. Be3 Rf7 29. Qd5 Rc7 30. Be4 Bxe4 31. Qxe4+ Kh8 32. Qd4 Kh7
33. Qxa7 Rd7+ 34. Kc1 Re7 35. b4 g5 36. a4 Kg6 37. a5 g4 38. Qb6+ Kh5 39. Qxh6#
1-0

[Event "IODFEM BO Bayerndreier 2018"]
[Site "Bodenmais"]
[Date "2018.08.03"]
[Round "7.1"]
[White "Kuehne, Maria"]
[Black "Lorencova, Vera"]
[Result "0-1"]
[WhiteElo "1614"]
[BlackElo "1862"]
[PlyCount "144"]
[EventDate "2018.??.??"]
[WhiteTeam "FC Ergolding"]
[BlackTeam "Czechien"]

1. e4 d5 2. exd5 Nf6 3. Bb5+ Bd7 4. Be2 Nxd5 5. d4 g6 6. c4 Nb6 7. Nf3 Bg7 8.
Nc3 O-O 9. Be3 Nc6 10. O-O Bg4 11. d5 Bxf3 12. Bxf3 Ne5 13. Bxb6 Nxf3+ 14. Qxf3
axb6 15. Rfd1 Qd6 16. a3 Qc5 17. Qd3 Qd6 18. Rab1 Rfd8 19. Nb5 Qd7 20. Qc2 Be5
21. Nc3 Qg4 22. Re1 Bd6 23. Ne4 Re8 24. Nxd6 exd6 25. a4 Qd4 26. b3 Re5 27.
Rxe5 Qxe5 28. Qd2 Re8 29. g3 Qe4 30. Rd1 Qf3 31. Re1 Rxe1+ 32. Qxe1 Qxb3 33.
Qe8+ Kg7 34. Qa8 Qxc4 35. Qxb7 Qxa4 36. Qxc7 Qd1+ 37. Kg2 Qxd5+ 38. f3 b5 39.
Qc3+ Qe5 40. Qb3 Qe2+ 41. Kg1 Qc4 42. Qb2+ f6 43. Qa1 Qc5+ 44. Kf1 b4 45. Qa4
Qc4+ 46. Kf2 Qc7 47. Ke2 Qb7 48. Qb3 d5 49. Kd3 Kf7 50. Kd4 Qb6+ 51. Kd3 Ke6
52. Ke2 Kd6 53. f4 Qa6+ 54. Ke1 Qc4 55. Qa4 b3 56. Qa3+ Ke6 57. Qa8 Kf5 58. Qb7
Qc1+ 59. Ke2 Qc2+ 60. Kf3 Qe4+ 61. Kf2 Qd4+ 62. Kf3 Qd3+ 63. Kf2 Ke4 64. Qe7+
Kd4 65. Qxf6+ Kc4 66. Qc6+ Kb4 67. Qb7+ Ka3 68. Qa7+ Kb2 69. Qg7+ d4 70. Qxh7
Kc2 71. Qc7+ Qc3 72. Qb7 b2 0-1

[Event "IODFEM BO Bayerndreier 2018"]
[Site "Bodenmais"]
[Date "2018.08.03"]
[Round "7.2"]
[White "Von Herman, Brigitte"]
[Black "Just, Anita"]
[Result "1-0"]
[WhiteElo "2068"]
[BlackElo "1897"]
[PlyCount "79"]
[EventDate "2018.??.??"]
[WhiteTeam "Königsjäger Süd-West"]
[BlackTeam "SV Allianz Leipzig"]

1. e4 e6 2. d4 d5 3. Nc3 Bb4 4. exd5 exd5 5. Bd3 Nc6 6. a3 Bxc3+ 7. bxc3 Nge7
8. Qf3 Be6 9. Rb1 Qc8 10. Ne2 O-O 11. O-O Ng6 12. h3 Nce7 13. Ng3 c6 14. Qh5
Qd7 15. Re1 Rae8 16. a4 b6 17. Ba3 f5 18. Qe2 Nf4 19. Qf3 Nxd3 20. cxd3 Rf6 21.
Nh5 Rh6 22. Bxe7 Rxe7 23. Re5 Qe8 24. Ng3 Rf6 25. Rbe1 g6 26. Qf4 Rff7 27. Qg5
Kf8 28. Qh6+ Kg8 29. Qg5 Kf8 30. h4 f4 31. Nf1 Rf5 32. Rxf5+ Bxf5 33. Qf6+ Qf7
34. Qh8+ Qg8 35. Qxg8+ Kxg8 36. Rxe7 a6 37. Rc7 Bxd3 38. Rxc6 h5 39. Rxb6 Kf7
40. a5 1-0

[Event "IODFEM BO Bayerndreier 2018"]
[Site "Bodenmais"]
[Date "2018.08.03"]
[Round "7.3"]
[White "Zwetz, Anita"]
[Black "Stowicek, Yara Mathilda"]
[Result "1-0"]
[WhiteElo "1828"]
[BlackElo "1570"]
[PlyCount "85"]
[EventDate "2018.??.??"]
[WhiteTeam "TSV Kareth-Lappersdorf"]
[BlackTeam "USV Halle"]

1. d4 Nf6 2. Bg5 c5 3. dxc5 Na6 4. Nc3 Nxc5 5. Qd4 e6 6. e4 h6 7. Bf4 d6 8.
O-O-O Be7 9. Bb5+ Bd7 10. Bxd6 Bxd6 11. Qxd6 Rc8 12. f3 a6 13. Bxd7+ Ncxd7 14.
e5 Nh5 15. Nge2 g6 16. g4 Ng7 17. Ne4 Qe7 18. Nf6+ Nxf6 19. exf6 Qc7 20. Qxc7
Rxc7 21. fxg7 Rg8 22. Rd2 Rxg7 23. Rhd1 f5 24. Nf4 Rce7 25. Rd8+ Kf7 26. R8d7
Kf6 27. Rxe7 Rxe7 28. Re1 g5 29. Nh5+ Kg6 30. Ng3 f4 31. Ne4 b6 32. Rd1 Kf7 33.
Rd6 Rb7 34. Rc6 Ke7 35. c4 Kd7 36. Rd6+ Ke7 37. Kc2 Rb8 38. b4 a5 39. Kb3 Rb7
40. a4 Rb8 41. Kc3 Rb7 42. bxa5 bxa5 43. Ra6 1-0

[Event "IODFEM BO Bayerndreier 2018"]
[Site "Bodenmais"]
[Date "2018.08.03"]
[Round "7.4"]
[White "Rempe, Mieke"]
[Black "Wolff, Beate"]
[Result "1/2-1/2"]
[WhiteElo "1504"]
[BlackElo "1266"]
[PlyCount "76"]
[EventDate "2018.??.??"]
[WhiteTeam "SK Doppelbauer Kiel"]
[BlackTeam "VSG Offenbach"]

1. e4 c6 2. d4 d5 3. Nd2 dxe4 4. Nxe4 Bf5 5. Ng3 Bg6 6. Nf3 Nd7 7. Be3 h6 8.
Bd3 Bxd3 9. Qxd3 e6 10. Ne4 Ngf6 11. Ned2 Be7 12. Rg1 Nd5 13. g4 Nxe3 14. Qxe3
g5 15. Ne5 Nf6 16. Qf3 Qxd4 17. Nxc6 Qd5 18. Nxe7 Qxf3 19. Nxf3 Kxe7 20. h3
Rhd8 21. Rd1 Rxd1+ 22. Kxd1 Rd8+ 23. Kc1 Ne4 24. Rf1 f6 25. Ng1 e5 26. f3 Nd6
27. Rd1 Nc4 28. Rxd8 Kxd8 29. b3 Nd6 30. Kd2 f5 31. gxf5 Nxf5 32. Kd3 Ke7 33.
Ke4 Ke6 34. c4 Nd4 35. b4 Nc2 36. b5 b6 37. Kd3 Nd4 38. Ke4 Nc2 1/2-1/2

[Event "IODFEM BO Bayerndreier 2018"]
[Site "Bodenmais"]
[Date "2018.08.03"]
[Round "7.5"]
[White "Weinmann, Helene"]
[Black "Cheredzhiyska, Iva"]
[Result "0-1"]
[WhiteElo "1544"]
[BlackElo "1426"]
[PlyCount "80"]
[EventDate "2018.??.??"]
[WhiteTeam "SV Riegelsberg"]
[BlackTeam "TV Tegernsee"]

1. d4 d5 2. Nf3 Nf6 3. e3 Bf5 4. c3 c6 5. Nbd2 Nbd7 6. Be2 e6 7. O-O Bd6 8. c4
O-O 9. Nh4 Bxh2+ 10. Kxh2 Ng4+ 11. Kg1 Qxh4 12. Nf3 Qd8 13. cxd5 exd5 14. Bd2
h6 15. Bb4 Re8 16. Bd6 Ndf6 17. Bg3 Ne4 18. Bh2 Nxh2 19. Kxh2 Qc7+ 20. g3 Qc8
21. Ng1 Nf6 22. Bf3 Ng4+ 23. Kh1 Qd7 24. Qd2 Nf6 25. Rae1 Ne4 26. Qc1 Bg4 27.
Bg2 Qf5 28. Kh2 Qh5+ 29. Nh3 Ng5 30. Rh1 Nxh3 31. Bxh3 Bf3 32. Rhg1 Re4 33. Qc2
f5 34. Qd3 g5 35. Qf1 g4 36. Rc1 Qxh3+ 37. Qxh3 gxh3 38. Kxh3 Kh7 39. Rc3 Rg8
40. Rgc1 Rg5 0-1

[Event "IODFEM BO Bayerndreier 2018"]
[Site "Bodenmais"]
[Date "2018.08.04"]
[Round "8.1"]
[White "Lorencova, Vera"]
[Black "Rempe, Mieke"]
[Result "1-0"]
[WhiteElo "1862"]
[BlackElo "1504"]
[PlyCount "33"]
[EventDate "2018.??.??"]
[WhiteTeam "Czechien"]
[BlackTeam "SK Doppelbauer Kiel"]

1. e4 c6 2. d4 d5 3. e5 Bf5 4. Nc3 e6 5. g4 Bg6 6. Nge2 Bb4 7. Nf4 Be4 8. Rg1
Bg6 9. Bd2 c5 10. Nb5 Bxd2+ 11. Qxd2 cxd4 12. Nd6+ Ke7 13. Nxg6+ hxg6 14. Qb4
Qd7 15. Nxb7+ Ke8 16. Nd6+ Kf8 17. Nf5+ 1-0

[Event "IODFEM BO Bayerndreier 2018"]
[Site "Bodenmais"]
[Date "2018.08.04"]
[Round "8.2"]
[White "Cheredzhiyska, Iva"]
[Black "Von Herman, Brigitte"]
[Result "0-1"]
[WhiteElo "1426"]
[BlackElo "2068"]
[PlyCount "48"]
[EventDate "2018.??.??"]
[WhiteTeam "TV Tegernsee"]
[BlackTeam "Königsjäger Süd-West"]

1. e4 e5 2. Nf3 d6 3. d4 exd4 4. Nxd4 Nf6 5. Nc3 Be7 6. Be2 O-O 7. O-O Re8 8.
f3 c6 9. Be3 b5 10. a3 a5 11. Nb3 Bb7 12. Qe1 Qc7 13. Qf2 Nbd7 14. Nd4 b4 15.
Na4 d5 16. exd5 Nxd5 17. Bd2 c5 18. Nf5 Bf6 19. c3 Qc6 20. Bd1 Ba6 21. Re1
Rxe1+ 22. Qxe1 Bb5 23. Qe4 Ne5 24. Qc2 Bd3 0-1

[Event "IODFEM BO Bayerndreier 2018"]
[Site "Bodenmais"]
[Date "2018.08.04"]
[Round "8.3"]
[White "Stowicek, Yara Mathilda"]
[Black "Weinmann, Helene"]
[Result "1/2-1/2"]
[WhiteElo "1570"]
[BlackElo "1544"]
[PlyCount "111"]
[EventDate "2018.??.??"]
[WhiteTeam "USV Halle"]
[BlackTeam "SV Riegelsberg"]

1. e4 e5 2. Bc4 Nf6 3. Nf3 Nc6 4. d3 Bc5 5. c3 O-O 6. O-O d5 7. exd5 Nxd5 8.
Re1 Re8 9. Nbd2 Nf6 10. h3 Bd6 11. Bb3 Bf5 12. Bc2 Bc5 13. Nf1 h6 14. Ng3 Bh7
15. a4 a5 16. Nh4 Qd7 17. Qf3 Rad8 18. Rd1 Qd5 19. Qe2 Qe6 20. Be3 Bd6 21. Ne4
Be7 22. Nf3 Nxe4 23. dxe4 Bf6 24. Nh2 Be7 25. Bd2 Rd7 26. Ng4 Red8 27. Ne3 Bg5
28. Nc4 Bxd2 29. Rxd2 Rxd2 30. Nxd2 Qf6 31. Nc4 Qf4 32. g3 Qf6 33. Ne3 Qe6 34.
Kg2 Ne7 35. Rd1 Rxd1 36. Qxd1 Nc6 37. f3 Qe7 38. Kf2 Bg6 39. Qe2 Qc5 40. Qd3
Qd6 41. Qe2 f6 42. Ke1 Kf8 43. Qb5 b6 44. Qd5 Bf7 45. Qb5 Ne7 46. Ke2 Be8 47.
Qd3 Bd7 48. g4 Ng6 49. Qxd6+ cxd6 50. Nc4 Nf4+ 51. Ke3 b5 52. Nxd6 bxa4 53. Nb7
Nxh3 54. Nxa5 Nf4 55. Nc4 Be6 56. Nb6 1/2-1/2

[Event "IODFEM BO Bayerndreier 2018"]
[Site "Bodenmais"]
[Date "2018.08.04"]
[Round "8.4"]
[White "Zwetz, Anita"]
[Black "Wolff, Beate"]
[Result "1-0"]
[WhiteElo "1828"]
[BlackElo "1266"]
[PlyCount "85"]
[EventDate "2018.??.??"]
[WhiteTeam "TSV Kareth-Lappersdorf"]
[BlackTeam "VSG Offenbach"]

1. d4 d5 2. Nf3 Nf6 3. Bf4 Nbd7 4. e3 c6 5. Nbd2 e6 6. Bd3 Be7 7. Ne5 O-O 8.
Qf3 c5 9. c3 Qb6 10. Rb1 c4 11. Bc2 a6 12. g4 g6 13. h4 Nxe5 14. dxe5 Nd7 15.
g5 Nc5 16. Ke2 Nd3 17. h5 Nxf4+ 18. Qxf4 Qd8 19. Rbg1 b5 20. hxg6 fxg6 21. Qh4
Rf7 22. Bxg6 Rg7 23. Bxh7+ Kf8 24. f4 Ke8 25. Qh6 Bf8 26. Qh5+ Kd7 27. Rd1 Kc6
28. Ne4 Raa7 29. Nf6 Rae7 30. Qf3 Kb6 31. e4 Bb7 32. Qe3+ Ka5 33. exd5 Qb6 34.
Qxb6+ Kxb6 35. d6 Bxh1 36. dxe7 Rxe7 37. Rxh1 Rc7 38. Be4 Bc5 39. Rh7 b4 40.
Rxc7 Kxc7 41. g6 Bf8 42. cxb4 Bg7 43. Ne8+ 1-0

[Event "IODFEM BO Bayerndreier 2018"]
[Site "Bodenmais"]
[Date "2018.08.04"]
[Round "8.5"]
[White "Rempe, Janne"]
[Black "Kühne, Maria"]
[Result "1-0"]
[WhiteElo "1315"]
[BlackElo "1605"]
[PlyCount "91"]
[EventDate "2018.??.??"]
[WhiteTeam "SK Doppelbauer Kiel"]
[BlackTeam "FC Ergolding"]

1. d4 d5 2. Nf3 Bf5 3. Bf4 c6 4. e3 Nf6 5. Be2 e6 6. c3 Nbd7 7. Nbd2 Be7 8. h3
Bg6 9. O-O O-O 10. Re1 c5 11. Ne5 Nxe5 12. dxe5 Nd7 13. Nf3 Qc7 14. Bd3 Bxd3
15. Qxd3 h6 16. Rad1 Rfd8 17. Qe2 Nb6 18. Nh2 Nc4 19. Ng4 Bg5 20. Bg3 Qc6 21.
f4 Be7 22. Rf1 Rf8 23. Bh2 f6 24. Rf3 f5 25. Nxh6+ Kh7 26. Ng4 fxg4 27. hxg4
Kg8 28. g5 Kf7 29. Rh3 Rh8 30. g6+ Kxg6 31. Qg4+ Kf7 32. Rg3 Rh7 33. Qg6+ Kg8
34. b3 Nxe3 35. Rxe3 Rh6 36. Qg4 Rf8 37. Rg3 Rf7 38. Rdd3 Rh4 39. Qg6 Rhxf4 40.
Rdf3 Rxf3 41. gxf3 c4 42. Rh3 Bc5+ 43. Kh1 Kf8 44. Rh8+ Ke7 45. Qg5+ Kd7 46.
Qd8# 1-0

[Event "IODFEM BO Bayerndreier 2018"]
[Site "Bodenmais"]
[Date "2018.08.04"]
[Round "8.6"]
[White "Mohammadi, Sholeh"]
[Black "Just, Anita"]
[Result "0-1"]
[WhiteElo "1158"]
[BlackElo "1897"]
[PlyCount "58"]
[EventDate "2018.??.??"]
[WhiteTeam "SK Marburg"]
[BlackTeam "SV Allianz Leipzig"]

1. c4 e6 2. Nc3 f5 3. f4 b6 4. Nf3 Bb7 5. d4 Nf6 6. d5 exd5 7. cxd5 Bb4 8. e3
Bxc3+ 9. bxc3 Bxd5 10. c4 Be4 11. Be2 O-O 12. O-O Nc6 13. Ba3 d6 14. Rc1 Qe8
15. Bb2 Ng4 16. Bd4 Nxd4 17. Qxd4 Bb7 18. Rc3 Nf6 19. Nd2 Qg6 20. Rf2 Rfe8 21.
h3 c5 22. Qxd6 Rad8 23. Qc7 Rd7 24. Qxd7 Nxd7 25. Nf3 Qf6 26. Rd3 Qe7 27. Ne1
Nf6 28. Bf3 Ne4 29. Rf1 Ba6 0-1

[Event "IODFEM BO Bayerndreier 2018"]
[Site "Bodenmais"]
[Date "2018.08.05"]
[Round "9.1"]
[White "Wolff, Beate"]
[Black "Von Herman, Brigitte"]
[Result "0-1"]
[WhiteElo "1266"]
[BlackElo "2068"]
[PlyCount "74"]
[EventDate "2018.??.??"]
[WhiteTeam "VSG Offenbach"]
[BlackTeam "Königsjäger Süd-West"]

1. c4 e6 2. g3 d5 3. Bg2 Nf6 4. Nf3 Be7 5. O-O O-O 6. b3 c5 7. d4 Nc6 8. Bb2 b6
9. Nbd2 Bb7 10. dxc5 bxc5 11. e3 Qc7 12. Re1 Rfd8 13. Rc1 Nb4 14. Bf1 Nxa2 15.
Ra1 Nb4 16. Ne5 Nc6 17. Nxc6 Qxc6 18. Bg2 Qb6 19. Qc2 h6 20. Nf3 Nd7 21. Ne5
Rab8 22. Rab1 a5 23. Ba1 d4 24. exd4 cxd4 25. Qd3 Bxg2 26. Kxg2 Nxe5 27. Rxe5
Bf6 28. Re4 e5 29. Bb2 Qxb3 30. Qxb3 Rxb3 31. c5 Rc8 32. Ree1 Rxc5 33. Bxd4
Rxb1 34. Rxb1 exd4 35. Rb8+ Kh7 36. Rb7 Kg6 37. Rd7 a4 0-1